<?xml version="1.0" encoding="UTF-8"?><?xml-stylesheet type="text/xsl" href="static/style.xsl"?><OAI-PMH xmlns="http://www.openarchives.org/OAI/2.0/" xmlns:xsi="http://www.w3.org/2001/XMLSchema-instance" xsi:schemaLocation="http://www.openarchives.org/OAI/2.0/ http://www.openarchives.org/OAI/2.0/OAI-PMH.xsd"><responseDate>2026-04-14T09:03:40Z</responseDate><request verb="GetRecord" identifier="oai:www.recercat.cat:2072/474771" metadataPrefix="marc">https://recercat.cat/oai/request</request><GetRecord><record><header><identifier>oai:recercat.cat:2072/474771</identifier><datestamp>2024-11-04T07:39:27Z</datestamp><setSpec>com_2072_98</setSpec><setSpec>col_2072_378192</setSpec></header><metadata><record xmlns="http://www.loc.gov/MARC21/slim" xmlns:dcterms="http://purl.org/dc/terms/" xmlns:xsi="http://www.w3.org/2001/XMLSchema-instance" xmlns:doc="http://www.lyncode.com/xoai" xsi:schemaLocation="http://www.loc.gov/MARC21/slim http://www.loc.gov/standards/marcxml/schema/MARC21slim.xsd">
   <leader>00925njm 22002777a 4500</leader>
   <datafield ind2=" " ind1=" " tag="042">
      <subfield code="a">dc</subfield>
   </datafield>
   <datafield ind2=" " ind1=" " tag="720">
      <subfield code="a">Lizano-Barrantes, Catalina</subfield>
      <subfield code="e">author</subfield>
   </datafield>
   <datafield ind2=" " ind1=" " tag="720">
      <subfield code="a">Garin, Olatz</subfield>
      <subfield code="e">author</subfield>
   </datafield>
   <datafield ind2=" " ind1=" " tag="720">
      <subfield code="a">Mayoral, K.</subfield>
      <subfield code="e">author</subfield>
   </datafield>
   <datafield ind2=" " ind1=" " tag="720">
      <subfield code="a">Dima, Alexandra Lelia</subfield>
      <subfield code="e">author</subfield>
   </datafield>
   <datafield ind2=" " ind1=" " tag="720">
      <subfield code="a">Pont, Angels</subfield>
      <subfield code="e">author</subfield>
   </datafield>
   <datafield ind2=" " ind1=" " tag="720">
      <subfield code="a">Caballero-Rabasco, M. Araceli</subfield>
      <subfield code="e">author</subfield>
   </datafield>
   <datafield ind2=" " ind1=" " tag="720">
      <subfield code="a">Praena-Crespo, Manuel</subfield>
      <subfield code="e">author</subfield>
   </datafield>
   <datafield ind2=" " ind1=" " tag="720">
      <subfield code="a">Valdesoiro-Navarrete, Laura</subfield>
      <subfield code="e">author</subfield>
   </datafield>
   <datafield ind2=" " ind1=" " tag="720">
      <subfield code="a">Guerra, Maria Teresa</subfield>
      <subfield code="e">author</subfield>
   </datafield>
   <datafield ind2=" " ind1=" " tag="720">
      <subfield code="a">Bercedo-Sanz, Alberto</subfield>
      <subfield code="e">author</subfield>
   </datafield>
   <datafield ind2=" " ind1=" " tag="720">
      <subfield code="a">Ferrer Forés, Maria Montserrat</subfield>
      <subfield code="e">author</subfield>
   </datafield>
   <datafield ind2=" " ind1=" " tag="720">
      <subfield code="a">Universitat Autònoma de Barcelona</subfield>
      <subfield code="e">author</subfield>
   </datafield>
   <datafield ind2=" " ind1=" " tag="260">
      <subfield code="c">2024</subfield>
   </datafield>
   <datafield ind2=" " ind1=" " tag="520">
      <subfield code="a">Introduction: We aimed to evaluate the longitudinal relationships, both at between- and within-person levels, that adherence to inhaled corticosteroid-based maintenance treatment and inhalation technique present with symptom control, exacerbations, and health-related quality of life (HRQoL) in children and adolescents with asthma. Methods: Participants (6-14 years old) from the ARCA (Asthma Research in Children and Adolescents) cohort-a prospective, multicenter, observational study (NCT04480242)-were followed for a period from 6 months to 5 years via computer-assisted telephone interviews and a smartphone application. The Medication Intake Survey-Asthma (MIS-A) was administered to assess the implementation stage of adherence, and the Inhalation Technique Questionnaire (InTeQ) was used to assess the five key steps when using an inhaler. Symptom control was measured with the Asthma Control Questionnaire (ACQ), and HRQL was measured with the EQ-5D and the Patient-Reported Outcomes Measurement Information System-Pediatric Asthma Impact Scale (PROMIS-PAIS). Multilevel longitudinal mixed models were constructed separately with symptom control, exacerbation occurrence, EQ-5D, and PROMIS-PAIS as the dependent variables. Results: Of the 360 participants enrolled, 303 (1,203 interviews) were included in the symptom control and exacerbation analyses, 265 (732) in the EQ-5D, and 215 (617) in the PROMIS-PAIS. Around 60% of participants were male subjects, and most of them underwent maintenance treatment with inhaled corticosteroids plus long-acting β-agonists in a fixed dose (73.3%). Within-person variability was 83.6% for asthma control, 98.6% for exacerbations, 36.4% for EQ-5D, and 49.1% for PROMIS-PAIS. At the within-person level, patients with higher adherence had better symptom control (p = 0.002) and HRQoL over time (p = 0.016). Patients with a better inhalation technique reported worse HRQoL simultaneously (p = 0.012), but they showed better HRQoL in future assessments (p = 0.012). The frequency of reliever use was associated with symptom control (p &lt; 0.001), exacerbation occurrence (p &lt; 0.001), and HRQoL (p = 0.042); and boys were more likely to present better symptom control and HRQoL than girls. Conclusion: Our results confirm longitudinal associations at the within-person level of the two indicators of quality use of inhalers: for adherence to maintenance treatment with symptom control and HRQoL, and for the inhalation technique with HRQoL. Although treatment adherence was shown to be excellent, a third of the participants reported a suboptimal inhalation technique, highlighting the need for actions for improving asthma management of the pediatric population.</subfield>
   </datafield>
   <datafield ind1="8" ind2=" " tag="024">
      <subfield code="a">http://hdl.handle.net/2072/474771</subfield>
   </datafield>
   <datafield tag="653" ind2=" " ind1=" ">
      <subfield code="a">Adherence</subfield>
   </datafield>
   <datafield tag="653" ind2=" " ind1=" ">
      <subfield code="a">Asthma exacerbations</subfield>
   </datafield>
   <datafield tag="653" ind2=" " ind1=" ">
      <subfield code="a">Asthma outcomes</subfield>
   </datafield>
   <datafield tag="653" ind2=" " ind1=" ">
      <subfield code="a">Asthma symptom control</subfield>
   </datafield>
   <datafield tag="653" ind2=" " ind1=" ">
      <subfield code="a">Health-related quality of life</subfield>
   </datafield>
   <datafield tag="653" ind2=" " ind1=" ">
      <subfield code="a">Inhalation technique</subfield>
   </datafield>
   <datafield tag="653" ind2=" " ind1=" ">
      <subfield code="a">Pediatric asthma</subfield>
   </datafield>
   <datafield ind2="0" ind1="0" tag="245">
      <subfield code="a">Impact of treatment adherence and inhalation technique on asthma outcomes of pediatric patients : a longitudinal study</subfield>
   </datafield>
</record></metadata></record></GetRecord></OAI-PMH>